01189nam a2200277 a 4500001001000000003000400010005001700014008003900031020001500070040002500085082001500110100004600125245008000171260009800251300002000349490004100369500005200410590002700462710010400489830004400593910001400637942001400651952011100665952011800776999001700894000038309OSt20201120110928.0130408s2000 dr c 000 0 spa d a9993435066 aDO-SdBNPbspacBNPHU axxxxbxxxx1 aVelásquez Mainardi, Miguel Angel96467210aNuevas modalidades de la corrupción /cMiguel Angel Velásquez Mainardi. aSanto Domingo :bComisión Presidencial para la Reforma y Modernización del Estado,c2000. a59 p. ;c21 cm.1 aConversatorios de la reforma ;v19 ; aConversatorio realizado el 13 de enero de 1999. aInventariado, 2020/ YL2 aRepública Dominicana.bComisión Presidencial para la Reforma y Modernización del Estado97089 0aConversatorios de la reformav19916542 aYLockward 2ddccLBS1 00102ddc51718PDaPDbPDcHDd2011-10-05eDonacióniLF1l0o p38309-10r2020-06-25w2020-06-25yLFPD 00102ddc51728PDaPDbPDcHDd2020-11-20eDonacióniLF1l0o p2020-0547r2020-11-20te. 2w2020-06-25yLFPD c37799d37799